000 00697nam a2200241Ia 4500
005 20260121112728.0
008 8325 260114s9999 xx 000 0 eng d
020 _a9789812794703
037 _aEBOOK
040 _aCRL
_beng
_cCRL
041 _aeng
_2eng
084 _qCRL
100 _aSchrimpf R D & Fleetwood D M
_9962273
245 0 _aRadiation Effects and Soft Errors in Integrated Circuits and Electronic Devices
260 _bWorld Scientific
260 _bWSPC
260 _c2004
650 _aEngineering / Acoustics
_9962274
856 _uhttps://www.worldscientific.com/worldscibooks/10.1142/5607#t=toc
942 _cEBOOK
999 _c1545625
_d1545625